|
|
|
|
| LEADER |
02589nam a2200481 a 4500 |
| 001 |
EBC585448 |
| 003 |
MiAaPQ |
| 005 |
20200520144314.0 |
| 006 |
m o d | |
| 007 |
cr cn||||||||| |
| 008 |
100604s2010 enka sb 001 0 eng |
| 010 |
|
|
|z 2010022793
|
| 015 |
|
|
|a GBA8D9274
|2 bnb
|
| 016 |
7 |
|
|z 014852795
|2 Uk
|
| 020 |
|
|
|z 9781844075294 (hardback : alk. paper)
|
| 020 |
|
|
|z 184407529X (hardback : alk. paper)
|
| 035 |
|
|
|a (MiAaPQ)EBC585448
|
| 035 |
|
|
|a (Au-PeEL)EBL585448
|
| 035 |
|
|
|a (CaPaEBR)ebr10420033
|
| 035 |
|
|
|a (CaONFJC)MIL278973
|
| 035 |
|
|
|a (OCoLC)669495696
|
| 040 |
|
|
|a MiAaPQ
|c MiAaPQ
|d MiAaPQ
|
| 050 |
|
4 |
|a HD75.6
|b .S616 2010
|
| 082 |
0 |
4 |
|a 338.9/27
|2 22
|
| 100 |
1 |
|
|a Smith, Michael H.,
|d 1969-
|
| 245 |
1 |
0 |
|a Cents and sustainability
|h [electronic resource] :
|b securing our common future by decoupling economic growth from environmental pressures /
|c Michael H. Smith, Karlson "Charlie" Hargroves and Cheryl Desha.
|
| 260 |
|
|
|a London ;
|a Washington, DC :
|b Earthscan,
|c 2010.
|
| 300 |
|
|
|a lv, 405 p. :
|b ill.
|
| 500 |
|
|
|a "The Natural Edge Project."
|
| 504 |
|
|
|a Includes bibliographical references and index.
|
| 505 |
0 |
|
|a Securing "our common future" -- Achieving economic growth and reducing environmental pressures -- Factors that can undermine or even block efforts to achieve decoupling -- Factors that affect poorer nations' ability to achieve decoupling -- Informing and developing national strategies for decoupling -- Responding to the complexity of climate change -- Decoupling economic growth from greenhouse gas emissions -- Decoupling economic growth from loss of biodiversity and exosystem resilience -- Decoupling economic growth from freshwater extraction -- Decoupling economic growth from waste production -- Decoupling economic growth from air pollution -- Reducing air pollution through public interest litigation : the Delhi pollution case.
|
| 533 |
|
|
|a Electronic reproduction. Ann Arbor, MI : ProQuest, 2015. Available via World Wide Web. Access may be limited to ProQuest affiliated libraries.
|
| 650 |
|
0 |
|a Economic development
|x Environmental aspects.
|
| 650 |
|
0 |
|a Climatic changes
|x Economic aspects.
|
| 650 |
|
0 |
|a Climatic changes
|x Environmental aspects.
|
| 650 |
|
0 |
|a Greenhouse gas mitigation.
|
| 650 |
|
0 |
|a Environmental policy.
|
| 650 |
|
0 |
|a Economic policy.
|
| 655 |
|
4 |
|a Electronic books.
|
| 700 |
1 |
|
|a Hargroves, Karlson,
|d 1974-
|
| 700 |
1 |
|
|a Desha, Cheryl.
|
| 710 |
2 |
|
|a ProQuest (Firm)
|
| 856 |
4 |
0 |
|u https://ebookcentral.proquest.com/lib/matrademy/detail.action?docID=585448
|z Click to View
|